| 000 | 00527nam a22002057a 4500 | ||
|---|---|---|---|
| 005 | 20230603115835.0 | ||
| 008 | 221205b |||||||| |||| 00| 0 eng d | ||
| 020 | _a9789387964105 | ||
| 041 | _aeng. | ||
| 082 |
_2610 _a610 _bGHA |
||
| 100 |
_aGHAI _9106054 |
||
| 245 | _aESSENTIAL PEDIATRICS | ||
| 250 | _a9TH ED. | ||
| 260 |
_aNEW DELHI _bCBS PUBLICATIONS _c2018 |
||
| 300 | _a798 pg. | ||
| 365 |
_aRS _b1295 |
||
| 650 |
_aCHILD HEALTH NURSING _9106055 |
||
| 942 | _cBK | ||
| 999 |
_c83627 _d83627 |
||